| 000 | 004100000a22001690004500 | ||
|---|---|---|---|
| 003 | MACL | ||
| 005 | 20160107161856.0 | ||
| 008 | 160107b xxu||||| |||| 00| 0 eng d | ||
| 040 |
_aMACL _cMACL |
||
| 041 | _aEnglish | ||
| 082 | _a824/LEE | ||
| 100 |
_aLee, Elizabeth _927481 |
||
| 245 | _aEssays by Sainte Beuve | ||
| 260 |
_bWalter Scott Ltd _aLondon |
||
| 650 |
_aEssays _929356 |
||
| 942 |
_cBK _k824/LEE _2ddc |
||
| 999 |
_c37796 _d37796 |
||